01394cam a22003614i 4500003000900000005001700009008004100026020001500067035002700082040003300109082001700142100003600159245011400195264004400309300003800353336002100391337002500412338002300437504005200460505041000512526001000922526001000932526001000942526001000952526000800962526000800970526000800978526000800986526000800994526000801002526000801010650001401018PE-LiUPU20250731173033.0150623s r 000 0 d a0801011221 a(Sirsi) i9780801011221 aPE-LiUPUbspacPE-LiUPUerda04a252bG372211 aSmith, Wilbur M.,eed.,eautor.10aGreat sernons on the Birth, death, and resurrection of Christ :bJesus' Birth /ceditado por Wilbur M. Smith. 1aGrand Rapids, MI :bBaker Books,c1996. a289 páginas ;c20 centímetros atext2rdacontent aunmediated2rdamedia avolume2rdacarrier aBibliografía al final de algunos artículos.0 aA christmas question. -The name of Jesus. -Born of a virgin. -Why men inquire about Christ. -"That Holy thing". -Mary, our model in praising God. -Sermon on the afternoon of christmas day. -The sign to the shepherds. -Results of Christ's first coming. -The sign and the sword. -Jesus: from babyhood to boyhood. -The word became flesh. -The preparation of the world for Christ. -The night before christmas. aSEG42 aSEG41 aSEG40 aSEG39 aP94 aP87 aP86 aP85 aP77 aP76 aP3504aSermones.